Rozpoznaj miasta w Hiszpanii po zdjęciach - Statystyki

Ogólne statystyki
  • Ten quiz został rozwiązany 14 razy
  • Średni wynik to 5 z 40
Statystyki odpowiedzi
Obrazkowy Odpowiedź % Poprawnych
Barcelona
92%
Madryt
69%
Sewilla
69%
Walencja
38%
Bilbao
31%
Grenada
31%
Saragossa
23%
Donostia
15%
Girona
15%
Kordoba
15%
Palma
15%
Segowia
15%
Toledo
15%
Alicante
8%
Burgos
8%
Jaén
8%
Kadyks
8%
Malaga
8%
Murcja
8%
Salamanka
8%
Santiago de Compostela
8%
Valladolid
8%
A Coruña
0%
Almeria
0%
Avila
0%
Badajoz
0%
Gijon
0%
Huelva
0%
Ibiza
0%
Jerez de la Frontera
0%
Kartagena
0%
Lleida
0%
Lugo
0%
Marbella
0%
Pampeluna
0%
Plasencia
0%
Santa Cruz de Tenerife
0%
Sitges
0%
Úbeda
0%
Zamora
0%
Nie znaleziono quizów pasujących do podanych kryteriów
Rozkład punktacji
Procent ludzi z każdym wynikiem
Percentyl według liczby udzielonych odpowiedzi
Twoja historia wyników
Nie rozwiązałeś tego quizu